000 00891nam a22002297a 4500
999 _c63867
_d63867
005 20240530110703.0
008 171225s2015 ua a f b 000 0dara d
017 _a2015/7377
_bمصر. دار الكتب
020 _a9789779102474
040 _aEG-CaGPL
_cEG-CaGPL
082 0 4 _221
_a962.031
_bق/ع ت
100 0 _aعبدالرحمن زكى
245 1 2 _aالتاريخ الحربى لعصر محمد على الكبير /
_cعبدالرحمن زكى .
250 _aط.1
260 _aالقاهرة :
_bالهيئة المصرية العامة للكتاب ،
_c2015 .
300 _a600 ص. :
_bايض ؛
_c24 سم.
490 0 _aالجيش المصرى
600 0 _aمحمد على
_vصور
651 0 7 _2qrmak
_aمصر
_xتاريخ
_yالعصر الحديث
_yعصر محمد على ( 1805 - 1849 م )
942 _2ddc
_cBK